Score 0/18 Timer 04:00
0 Plays Today
% Correct
I Love Lucy
95.8%
The Munsters
89.6%
Happy Days
88.9%
The Brady Bunch
87.7%
Charlie's Angels
82.4%
The Beverly Hillbillies
76.2%
The Flying Nun
75.5%
I Dream of Jeannie
72.6%
Bewitched
72.6%
% Correct
The Partridge Family
66.3%
Welcome Back, Kotter
62.7%
Green Acres
62.5%
Bonanza
49%
That Girl
43.5%
Family Affair
37.7%
Petticoat Junction
31.2%
Julia
23.1%
Nanny and the Professor
10.3%

You're not logged in!

Compare scores with friends on all Sporcle quizzes.
OR
Log In

Sporcle TV

Today on Sporcle TV


Watch our educational content, quiz creation guides, and fun videos on Sporcle TV.

Show Comments

Extras

Top Quizzes Today


Score Distribution

Paid Content

Your Account Isn't Verified!

In order to create a playlist on Sporcle, you need to verify the email address you used during registration. Go to your Sporcle Settings to finish the process.

Report this User

Report this user for behavior that violates our Community Guidelines.

Details: